[Event "Cracovia 2008 op A"]
[Site "Krakow"]
[Date "2008.12.28"]
[Round "2.50"]
[White "Wierzbicka, Wiktoria"]
[Black "Warakomska, Anna"]
[Result "1/2-1/2"]
[WhiteElo "2056"]
[BlackElo "2169"]
[PlyCount "75"]
[EventDate "2008.??.??"]

1. e4 c5 2. Nf3 e6 3. d4 cxd4 4. Nxd4 a6 5. Bd3 Nf6 6. O-O Qc7 7. c4 Be7 8. Qe2
d6 9. Nc3 O-O 10. Be3 Nbd7 11. Kh1 b6 12. f4 Bb7 13. Rae1 Rfe8 14. Bd2 e5 15.
Nf5 Bf8 16. Qf3 g6 17. Ng3 exf4 18. Bxf4 Bg7 19. b3 Ne5 20. Qd1 Nfd7 21. Nd5
Bxd5 22. exd5 Nxd3 23. Qxd3 Ne5 24. Qd2 b5 25. cxb5 axb5 26. Ne4 Qb6 27. Bh6
Bxh6 28. Qxh6 Ng4 29. Qf4 f5 30. h3 fxe4 31. Qxg4 Qd4 32. Rd1 Qe5 33. Qd7 e3
34. Qf7+ Kh8 35. Rde1 e2 36. Rxe2 Qxe2 37. Qf6+ Kg8 38. Qf7+ 1/2-1/2

[Event "Cracovia 2008 op A"]
[Site "Krakow"]
[Date "2008.12.28"]
[Round "2.51"]
[White "Englert, Jan"]
[Black "Wiewiora, Eneasz"]
[Result "0-1"]
[WhiteElo "2162"]
[BlackElo "2044"]
[PlyCount "86"]
[EventDate "2008.??.??"]

1. d4 Nf6 2. Nc3 d5 3. Bg5 e6 4. Nf3 Be7 5. Bxf6 Bxf6 6. e4 dxe4 7. Nxe4 O-O 8.
c3 b6 9. Bd3 Bb7 10. Qc2 Nd7 11. O-O-O Be7 12. h4 Qe8 13. Neg5 h6 14. Nh7 Nf6
15. Nxf8 Qxf8 16. Rhg1 c5 17. dxc5 Bxc5 18. Ne5 Qb8 19. Rde1 Bd6 20. Qe2 Qc7
21. g3 Nd5 22. Nc4 Be7 23. Qe5 Qd7 24. Qe4 Bf6 25. Qe2 Rc8 26. Ne5 Qa4 27. Bb1
Rc5 28. f4 Nxf4 29. gxf4 Qxf4+ 30. Qe3 Bxe5 31. Qxf4 Bxf4+ 32. Kc2 g5 33. b4
Rc7 34. hxg5 hxg5 35. Kb2 Bd2 36. Rd1 Bxc3+ 37. Ka3 Bf6 38. Rdf1 Kg7 39. Rg3
Bd5 40. Rh3 Rc3+ 41. Rxc3 Bxc3 42. Bd3 g4 43. Rf4 f5 0-1

[Event "Cracovia 2008 op A"]
[Site "Krakow"]
[Date "2008.12.28"]
[Round "2.52"]
[White "Drozdowski, Kacper"]
[Black "Szromba, Krzysztof"]
[Result "1/2-1/2"]
[WhiteElo "2039"]
[BlackElo "2158"]
[PlyCount "137"]
[EventDate "2008.??.??"]

1. e4 c5 2. Nf3 Nc6 3. d4 cxd4 4. Nxd4 e5 5. Nb5 d6 6. a4 Nf6 7. N1c3 a6 8. Na3
Bg4 9. f3 Be6 10. Bc4 Rc8 11. Nd5 Bxd5 12. exd5 Ne7 13. c3 Nf5 14. Qd3 g6 15.
g4 Ng7 16. Be3 h5 17. g5 Nd7 18. b4 Nf5 19. Bd2 h4 20. O-O-O Be7 21. Rhg1 Rh5
22. Qe4 Bxg5 23. f4 Bf6 24. Be2 Rh8 25. Bg4 Ne7 26. Nc4 Qc7 27. fxe5 Qxc4 28.
Qxc4 Rxc4 29. exf6 Nxf6 30. Bf3 Kd7 31. Rdf1 Nf5 32. Kb2 Ne4 33. Be1 Nf6 34.
Kb3 Rhc8 35. Be2 R4c7 36. Bd3 Nxd5 37. Rxf5 Rxc3+ 38. Bxc3 Rxc3+ 39. Kb2 gxf5
40. Bxf5+ Kc6 41. Be4 Rc4 42. Rc1 Rxc1 43. Kxc1 a5 44. bxa5 Kc5 45. Kd2 Kd4 46.
Bf3 Ne3 47. Bxb7 Nc4+ 48. Ke2 Nxa5 49. Ba6 f5 50. Bc8 Ke4 51. Ba6 Nb3 52. Bd3+
Kf4 53. Bc4 Na5 54. Bd3 d5 55. Kf2 Nb3 56. Bb1 d4 57. Bd3 Nc5 58. Bb5 d3 59. a5
Ne4+ 60. Kf1 d2 61. Be2 Nc5 62. Kf2 Ke4 63. Bd1 Kd3 64. Kf3 Kc3 65. Kf4 Kb4 66.
Ke3 Kxa5 67. Kxd2 Kb6 68. Ke3 Kc6 69. Bc2 1/2-1/2

[Event "Cracovia 2008 op A"]
[Site "Krakow"]
[Date "2008.12.28"]
[Round "2.53"]
[White "Moryc, Ignacy"]
[Black "Andrzejewska, Anna"]
[Result "1/2-1/2"]
[WhiteElo "2154"]
[BlackElo "2030"]
[PlyCount "71"]
[EventDate "2008.??.??"]

1. e4 e5 2. Nf3 Nc6 3. Bb5 a6 4. Bxc6 dxc6 5. O-O Qd6 6. d3 Bg4 7. Be3 O-O-O 8.
Nbd2 f6 9. b4 Qe6 10. Qb1 Ne7 11. a4 g5 12. b5 cxb5 13. axb5 axb5 14. Qxb5 Qc6
15. Qb2 Bxf3 16. Nxf3 b6 17. Rfb1 Ng6 18. Nd2 Nf4 19. Nc4 Bc5 20. Ra6 Ne2+ 21.
Kf1 Nd4 22. c3 Ne6 23. Na5 Qd6 24. d4 exd4 25. Ra8+ Kd7 26. Nb7 Qc6 27. Nxd8
Qxa8 28. Nxe6 Qa6+ 29. Kg1 dxe3 30. Nxc5+ bxc5 31. Rd1+ Ke7 32. fxe3 Rd8 33.
Rxd8 Kxd8 34. Qd2+ Qd6 35. Qd5 Ke7 36. Qg8 1/2-1/2

[Event "Cracovia 2008 op A"]
[Site "Krakow"]
[Date "2008.12.28"]
[Round "2.54"]
[White "Sowul, Bartosz"]
[Black "Kopczyk, Daniel"]
[Result "1/2-1/2"]
[WhiteElo "2000"]
[BlackElo "2153"]
[PlyCount "175"]
[EventDate "2008.??.??"]

1. e4 c5 2. Nf3 a6 3. Nc3 Nc6 4. d4 cxd4 5. Nxd4 e6 6. Be3 Nf6 7. Bd3 Qc7 8.
O-O Be7 9. f4 d6 10. Qf3 O-O 11. Rae1 Bd7 12. Kh1 b5 13. Nxc6 Bxc6 14. Bd4 b4
15. Nd1 Qb7 16. Nf2 Nd7 17. Qg3 e5 18. fxe5 Nxe5 19. Bxe5 dxe5 20. Qxe5 Bf6 21.
Qf5 Bxb2 22. Ng4 g6 23. Qg5 Bg7 24. Nf6+ Bxf6 25. Rxf6 Rae8 26. e5 Re6 27. Bf5
Bxg2+ 28. Kg1 h6 29. Qxh6 Bh1 30. Qg5 Rxf6 31. exf6 Qg2+ 32. Qxg2 Bxg2 33. Bd3
Bd5 34. Bxa6 Bxa2 35. Re4 Rb8 36. Bd3 Rb6 37. Rf4 Bd5 38. Kf2 b3 39. cxb3 Rxb3
40. Be2 Rh3 41. Kg1 Kh7 42. Bg4 Rh4 43. h3 Be6 44. Kg2 Kh6 45. Kg3 Kg5 46. Rb4
Bxg4 47. hxg4 Rh1 48. Rb5+ Kxf6 49. g5+ Kg7 50. Rb3 Rf1 51. Ra3 Rd1 52. Re3 Kf8
53. Kg4 Rd7 54. Kf4 Rd4+ 55. Kg3 Rd6 56. Kf4 Rd7 57. Kg4 Re7 58. Rd3 Re4+ 59.
Kf3 Re1 60. Ra3 Ke7 61. Kf4 Rf1+ 62. Kg4 f5+ 63. gxf6+ Kxf6 64. Ra6+ Kg7 65.
Ra3 Rb1 66. Rc3 Rb4+ 67. Kg3 Kh6 68. Ra3 Kh5 69. Rc3 g5 70. Ra3 Rb1 71. Kg2 Kh4
72. Ra4+ g4 73. Ra3 Rb2+ 74. Kg1 Rd2 75. Rb3 Rd4 76. Kh2 Ra4 77. Rc3 Rf4 78.
Kg2 Re4 79. Kh2 Re2+ 80. Kg1 Kg5 81. Rb3 Kf4 82. Ra3 Re3 83. Rxe3 Kxe3 84. Kg2
Ke4 85. Kg3 Kf5 86. Kg2 Kg6 87. Kg3 Kh5 88. Kg2 1/2-1/2

[Event "Cracovia 2008 op A"]
[Site "Krakow"]
[Date "2008.12.28"]
[Round "2.55"]
[White "Mrva, Vladimir"]
[Black "Chrzaszcz, Malvina"]
[Result "1-0"]
[WhiteElo "2149"]
[BlackElo "2010"]
[PlyCount "97"]
[EventDate "2008.??.??"]

1. e4 c5 2. Nf3 d6 3. Bb5+ Bd7 4. Bxd7+ Qxd7 5. c4 Nf6 6. Nc3 Nc6 7. d4 cxd4 8.
Nxd4 e6 9. O-O Be7 10. b3 O-O 11. Bb2 Rfd8 12. Qd2 Rac8 13. Rfd1 b6 14. Rac1
Qb7 15. Nxc6 Qxc6 16. Qe2 a6 17. a4 Nd7 18. Nd5 Bf8 19. Nb4 Qb7 20. Nd3 b5 21.
cxb5 axb5 22. a5 Nc5 23. Nxc5 dxc5 24. Rxd8 Rxd8 25. Ra1 Ra8 26. Bc3 Ra6 27.
Qd3 Rd6 28. Qe2 Be7 29. Qg4 f6 30. h4 b4 31. Bb2 Qa6 32. h5 Rd3 33. h6 g6 34.
Qe2 Kf7 35. Kf1 Rd6 36. e5 Qxe2+ 37. Kxe2 Ra6 38. exf6 Bd8 39. Kd3 Rxa5 40.
Rxa5 Bxa5 41. Kc4 Bc7 42. Kxc5 Bf4 43. Kxb4 Bxh6 44. Be5 Bd2+ 45. Kc4 h5 46. b4
g5 47. f3 h4 48. Kc5 Be3+ 49. Kc6 1-0

[Event "Cracovia 2008 op A"]
[Site "Krakow"]
[Date "2008.12.28"]
[Round "2.56"]
[White "Markowski, Piotr"]
[Black "Wisniowska, Klaudia"]
[Result "1/2-1/2"]
[WhiteElo "2145"]
[BlackElo "1988"]
[PlyCount "98"]
[EventDate "2008.??.??"]

1. e4 c5 2. Nf3 Nc6 3. d4 cxd4 4. Nxd4 Nf6 5. Nc3 d6 6. Bg5 e6 7. Qd2 a6 8.
O-O-O Bd7 9. f4 h6 10. Bh4 Nxe4 11. Qe1 Nf6 12. Nf5 Qa5 13. Nxd6+ Bxd6 14. Rxd6
Qc7 15. Qd2 O-O-O 16. Be2 Ne7 17. Rd1 Ned5 18. Nxd5 Nxd5 19. Rxd5 exd5 20. Bxd8
Rxd8 21. g3 Bf5 22. Bd3 Be4 23. Bxe4 dxe4 24. Qxd8+ Qxd8 25. Rxd8+ Kxd8 26. g4
Kd7 27. Kd2 Kd6 28. Ke3 Kd5 29. a4 b5 30. axb5 axb5 31. c3 f6 32. f5 Ke5 33. b3
h5 34. h3 hxg4 35. hxg4 Kd5 36. Kf4 b4 37. cxb4 Kd4 38. b5 e3 39. Kf3 Kd3 40.
b6 e2 41. b7 e1=Q 42. b8=Q Qf1+ 43. Kg3 Qg1+ 44. Kh4 Qh1+ 45. Kg3 Qg1+ 46. Kh3
Qf1+ 47. Kh2 Qf2+ 48. Kh1 Qf1+ 49. Kh2 Qf2+ 1/2-1/2

[Event "Cracovia 2008 op A"]
[Site "Krakow"]
[Date "2008.12.28"]
[Round "2.57"]
[White "Kuciel, Wladyslaw"]
[Black "Turcheniac, Mariya"]
[Result "1/2-1/2"]
[WhiteElo "2142"]
[BlackElo "1979"]
[PlyCount "92"]
[EventDate "2008.??.??"]

1. Nf3 Nf6 2. c4 g6 3. Nc3 Bg7 4. e4 d6 5. d4 O-O 6. Be2 Nbd7 7. O-O e5 8. Be3
h6 9. dxe5 dxe5 10. h3 Qe7 11. Qc2 c6 12. Rfd1 Nh5 13. Qd2 Kh7 14. a3 Re8 15.
b4 Nf4 16. Bf1 Qf6 17. Ne1 Nf8 18. Kh2 N4e6 19. Qb2 Nd4 20. b5 Nfe6 21. a4 Qh4
22. f3 f5 23. exf5 gxf5 24. Qf2 Qf6 25. Nd3 Rd8 26. Rab1 Bd7 27. f4 e4 28. Ne5
c5 29. Kh1 Bf8 30. g4 Bd6 31. gxf5 Qxf5 32. Bg2 Kh8 33. Ng4 Bxf4 34. Bxe4 Bxe3
35. Qxf5 Nxf5 36. Bxf5 Bd4 37. Nd5 Nf4 38. Nxf4 Bxf5 39. Nxh6 Bxb1 40. Nf7+ Kg7
41. Nxd8 Be4+ 42. Kh2 Kf6 43. Nh5+ Kg6 44. Nf4+ Kf6 45. Nh5+ Kg6 46. Nf4+ Kf6
1/2-1/2

[Event "Cracovia 2008 op A"]
[Site "Krakow"]
[Date "2008.12.28"]
[Round "2.58"]
[White "Iwanow, Anna"]
[Black "Muc, Marcin"]
[Result "1/2-1/2"]
[WhiteElo "1961"]
[BlackElo "2139"]
[PlyCount "48"]
[EventDate "2008.??.??"]

1. e4 e5 2. Nf3 Nc6 3. Bb5 a6 4. Ba4 Nf6 5. O-O d6 6. Re1 Be7 7. c3 O-O 8. h3
b5 9. Bb3 Bb7 10. d4 Na5 11. Bc2 Nd7 12. Nbd2 c5 13. d5 Bc8 14. Nf1 Bf6 15. Ne3
g6 16. b3 Bg7 17. Ng4 Nf6 18. Nh6+ Kh8 19. Bg5 Qe8 20. Nh2 Ng8 21. Nxg8 Kxg8
22. Qd2 Nb7 23. Ng4 f6 24. Bh6 Bd7 1/2-1/2

[Event "Cracovia 2008 op A"]
[Site "Krakow"]
[Date "2008.12.28"]
[Round "2.59"]
[White "Tofil, Borys"]
[Black "Goslawski, Michal"]
[Result "1/2-1/2"]
[WhiteElo "2132"]
[BlackElo "1902"]
[PlyCount "148"]
[EventDate "2008.??.??"]

1. e4 c5 2. Nf3 d6 3. d4 cxd4 4. Nxd4 Nf6 5. Nc3 a6 6. Be2 e6 7. a4 Be7 8. Be3
Nc6 9. O-O Qc7 10. Nb3 b6 11. f4 Bb7 12. Bf3 Rb8 13. Qe1 Na5 14. Nxa5 bxa5 15.
Qg3 h5 16. Rad1 Ba8 17. Bd4 h4 18. Qxg7 Rg8 19. Qh6 Rg6 20. Qxh4 e5 21. Be3
Rxb2 22. Qe1 Rxc2 23. Rc1 Rxc1 24. Qxc1 exf4 25. Bxf4 Ng4 26. Nd5 Qa7+ 27. Ne3
Nxe3 28. Bxe3 Qd7 29. Qc4 Qe6 30. Rc1 Qxc4 31. Rxc4 Kd7 32. h3 Bd8 33. Bg4+ Ke7
34. Bf5 Rg7 35. g4 d5 36. Bc5+ Ke8 37. exd5 Bxd5 38. Rd4 Be6 39. Be4 Bd7 40.
Kf2 Rg5 41. Bd5 Bxa4 42. h4 Re5 43. g5 Bb5 44. Bd6 Re2+ 45. Kf3 Bb6 46. Re4+
Rxe4 47. Kxe4 Be2 48. Bc6+ Kd8 49. Bg3 Ke7 50. Ba4 Bh5 51. Kd5 Bf3+ 52. Kc4 Ke6
53. Bc2 Be2+ 54. Kc3 Bh5 55. Bd3 Bc5 56. Bxa6 Bb4+ 57. Kd4 a4 58. Bc8+ Ke7 59.
Kc4 Bd2 60. Kd3 Ba5 61. Kc2 Bf3 62. Kb2 Bb4 63. Bf5 Bd5 64. Be5 Bf3 65. Bg3 Bd5
66. Be5 Bf3 67. Bf6+ Kf8 68. Bc3 a3+ 69. Kb3 Bxc3 70. Kxc3 Kg7 71. Kb3 f6 72.
Kxa3 fxg5 73. hxg5 Bh5 74. Kb4 Bg6 1/2-1/2

[Event "Cracovia 2008 op A"]
[Site "Krakow"]
[Date "2008.12.28"]
[Round "2.60"]
[White "Ogonowska, Katarzyna"]
[Black "Czarnecki, Wojciech"]
[Result "1/2-1/2"]
[WhiteElo "1880"]
[BlackElo "2132"]
[PlyCount "98"]
[EventDate "2008.??.??"]

1. e4 c6 2. d4 d5 3. Nc3 dxe4 4. Nxe4 Bf5 5. Ng3 Bg6 6. h4 h6 7. Nf3 Nd7 8. Bd3
Bxd3 9. Qxd3 Ngf6 10. Bd2 Qc7 11. O-O-O e6 12. Ne4 Nxe4 13. Qxe4 Nf6 14. Qe2
O-O-O 15. g3 Bd6 16. Rhe1 Kb8 17. Kb1 Nd7 18. Bc3 Rhg8 19. Qd2 Ka8 20. Ba5 Nb6
21. Bxb6 Qxb6 22. Qe3 Bb4 23. Rf1 c5 24. c3 cxd4 25. Rxd4 Bc5 26. Rxd8+ Rxd8
27. Qe2 a5 28. Ne5 f6 29. Nc4 Qa6 30. f4 a4 31. Re1 Rd5 32. Kc2 Bf2 33. Qxf2
Qxc4 34. Kb1 a3 35. Qe2 Qa4 36. b3 Qd7 37. Kc2 e5 38. fxe5 Rxe5 39. Qf2 Rf5 40.
Qe3 Re5 41. Qf2 Qe6 42. Rxe5 Qxe5 43. Qd4 Qe2+ 44. Qd2 Qe7 45. b4 g5 46. hxg5
fxg5 47. Qd1 Qf7 48. Qd8+ Ka7 49. Qa5+ Kb8 1/2-1/2

[Event "Cracovia 2008 op A"]
[Site "Krakow"]
[Date "2008.12.29"]
[Round "3.1"]
[White "Gajewski, Grzegorz"]
[Black "Brzeski, Maciej"]
[Result "1-0"]
[WhiteElo "2577"]
[BlackElo "2366"]
[PlyCount "47"]
[EventDate "2008.??.??"]

1. d4 Nf6 2. c4 c5 3. Nf3 cxd4 4. Nxd4 e5 5. Nb5 d5 6. cxd5 Bc5 7. N5c3 O-O 8.
g3 Qb6 9. e3 Bg4 10. Be2 Bxe2 11. Qxe2 e4 12. a3 a5 13. Nd2 Re8 14. Qc4 Nbd7
15. Ndxe4 Nxe4 16. Nxe4 Rac8 17. Qa4 Qg6 18. Qxd7 Qxe4 19. O-O b6 20. b4 Red8
21. Qb5 axb4 22. axb4 Bf8 23. Rd1 Bxb4 24. Rd4 1-0

[Event "Cracovia 2008 op A"]
[Site "Krakow"]
[Date "2008.12.29"]
[Round "3.2"]
[White "Malaniuk, Vladimir P"]
[Black "Aliavdin, Nikolai"]
[Result "1/2-1/2"]
[WhiteElo "2534"]
[BlackElo "2343"]
[PlyCount "115"]
[EventDate "2008.??.??"]

1. d4 Nf6 2. Nf3 g6 3. c4 Bg7 4. g3 O-O 5. Bg2 d6 6. Nc3 Nbd7 7. O-O e5 8. Qc2
c6 9. Rd1 Qe7 10. e4 Re8 11. d5 c5 12. Rb1 Rf8 13. a3 Ne8 14. b4 h6 15. Nd2 f5
16. Nb3 b6 17. bxc5 Nxc5 18. Nxc5 bxc5 19. Bd2 Nf6 20. Rb2 f4 21. Rdb1 Nh7 22.
Rb8 Rxb8 23. Rxb8 Ng5 24. Kh1 Bh3 25. Rxf8+ Qxf8 26. f3 Qc8 27. Bc1 Bxg2+ 28.
Qxg2 Qb8 29. Qb2 Qxb2 30. Bxb2 Nxf3 31. Nb5 Bf8 32. Nxa7 Nd2 33. gxf4 exf4 34.
Bc1 Nxc4 35. Bxf4 Nxa3 36. Kg2 g5 37. Bg3 c4 38. Kf3 c3 39. Ke2 c2 40. Kd2 Bg7
41. e5 Bxe5 42. Bxe5 dxe5 43. Kc1 Kf7 44. Nc6 e4 45. Nd4 Ke7 46. Nf5+ Kd7 47.
Kb2 h5 48. Ng3 e3 49. Ne2 Kd6 50. Kxa3 Kxd5 51. Kb2 Ke4 52. Kxc2 Kf3 53. Kd3 g4
54. Ng3 h4 55. Nf5 g3 56. Nxh4+ Kf2 57. hxg3 e2 58. Ng2 1/2-1/2

[Event "Cracovia 2008 op A"]
[Site "Krakow"]
[Date "2008.12.29"]
[Round "3.3"]
[White "Swiercz, Dariusz"]
[Black "Ashton, Adam G"]
[Result "1-0"]
[WhiteElo "2478"]
[BlackElo "2325"]
[PlyCount "71"]
[EventDate "2008.??.??"]

1. e4 e5 2. Nf3 Nc6 3. Bb5 a6 4. Ba4 Nf6 5. O-O Be7 6. Re1 b5 7. Bb3 O-O 8. d4
d6 9. c3 Bg4 10. Be3 exd4 11. cxd4 Na5 12. Bc2 c5 13. dxc5 Qc7 14. h3 Bh5 15.
Nc3 dxc5 16. e5 Rad8 17. Qb1 Nd5 18. Bxh7+ Kh8 19. Nxd5 Rxd5 20. g4 g6 21. gxh5
Kxh7 22. hxg6+ fxg6 23. Qe4 Qd7 24. Bg5 Bxg5 25. Nxg5+ Kg7 26. Qg4 Rf5 27. Qh4
Kg8 28. Ne4 Rd4 29. Nf6+ Rxf6 30. Qxf6 Qxh3 31. Re4 Nc4 32. Qxg6+ Kh8 33. Rxd4
cxd4 34. Qg3 Qf5 35. Re1 d3 36. Kg2 1-0

[Event "Cracovia 2008 op A"]
[Site "Krakow"]
[Date "2008.12.29"]
[Round "3.4"]
[White "Nguyen, Piotr"]
[Black "Piorun, Kacper"]
[Result "0-1"]
[WhiteElo "2327"]
[BlackElo "2472"]
[PlyCount "146"]
[EventDate "2008.??.??"]

1. f4 c5 2. Nf3 g6 3. g3 Nf6 4. Bg2 Bg7 5. O-O d6 6. d3 O-O 7. Nc3 Nc6 8. Nh4
Rb8 9. a4 a6 10. Kh1 Qc7 11. e4 b5 12. axb5 axb5 13. f5 b4 14. Ne2 Ne5 15. Bf4
Bb7 16. Qd2 c4 17. Ra7 cxd3 18. cxd3 Qb6 19. Ra4 Qb5 20. Rxb4 Qxd3 21. Qxd3
Nxd3 22. Rxb7 Rxb7 23. e5 dxe5 24. Bxb7 exf4 25. Nxf4 Nc5 26. Nd5 g5 27. Nxe7+
Kh8 28. Bc6 gxh4 29. b4 Ncd7 30. b5 Re8 31. Re1 Bf8 32. Ng6+ hxg6 33. Rxe8 Nxe8
34. Bxd7 Nf6 35. Bc8 hxg3 36. fxg6 fxg6 37. hxg3 Bc5 38. Kg2 Kg7 39. Kf3 g5 40.
g4 Kf7 41. Ke2 Ke7 42. Kd3 Kd6 43. Kc4 Bb6 44. Bf5 Ke5 45. Bc8 Nd5 46. Kd3 Kf4
47. Ke2 Nc3+ 48. Kd3 Nxb5 49. Bd7 Nd6 50. Be6 Ne4 51. Bc8 Nf2+ 52. Ke2 Nxg4 53.
Be6 Kg3 54. Bc8 Nf6 55. Bf5 g4 56. Bxg4 Kxg4 57. Kd3 Kf5 58. Kc4 Ke5 59. Kb5
Nd7 60. Kc4 Ke4 61. Kc3 Ne5 62. Kb4 Kd5 63. Kc3 Ba5+ 64. Kb3 Nc6 65. Ka4 Kc4
66. Ka3 Nb4 67. Kb2 Nd5 68. Ka3 Bb4+ 69. Kb2 Ne3 70. Ka2 Kc3 71. Kb1 Ba3 72.
Ka2 Kb4 73. Kb1 Kb3 0-1

[Event "Cracovia 2008 op A"]
[Site "Krakow"]
[Date "2008.12.29"]
[Round "3.5"]
[White "Sharapov, Evgeny"]
[Black "Brokken, Dennis"]
[Result "1-0"]
[WhiteElo "2427"]
[BlackElo "2306"]
[PlyCount "75"]
[EventDate "2008.??.??"]

1. e4 e6 2. d4 d5 3. Nc3 Bb4 4. e5 c5 5. a3 Bxc3+ 6. bxc3 Ne7 7. Nf3 Nbc6 8. a4
Qa5 9. Bd2 Bd7 10. Be2 c4 11. Ng5 h6 12. Nh3 O-O-O 13. Nf4 f6 14. exf6 gxf6 15.
Bg4 e5 16. Nh5 f5 17. Bh3 e4 18. O-O Ng6 19. Nf6 Be6 20. f3 e3 21. Qe2 exd2 22.
Qxe6+ Kb8 23. Qe3 Qc7 24. Nh5 Qf7 25. Nf4 Qe7 26. Qxe7 Ncxe7 27. Nxg6 Nxg6 28.
g3 f4 29. Rad1 Rhe8 30. Bf5 Rd6 31. Rxd2 Re3 32. Kf2 Rxc3 33. Re1 Rf6 34. Bg4
Kc7 35. Rde2 Ra3 36. Re6 Rxe6 37. Rxe6 Nf8 38. Rf6 1-0

[Event "Cracovia 2008 op A"]
[Site "Krakow"]
[Date "2008.12.29"]
[Round "3.6"]
[White "Majdan, Joanna"]
[Black "Lubczynski, Rafal"]
[Result "1-0"]
[WhiteElo "2284"]
[BlackElo "2423"]
[PlyCount "85"]
[EventDate "2008.??.??"]

1. e4 d6 2. d4 Nf6 3. Nc3 e5 4. Nf3 Nbd7 5. g4 Nxg4 6. Rg1 Ngf6 7. Bc4 h6 8.
Be3 Nb6 9. Bb3 Qe7 10. Qd3 Bg4 11. Rg3 O-O-O 12. O-O-O Bd7 13. a4 exd4 14. Nxd4
Kb8 15. a5 Nc8 16. a6 Nb6 17. axb7 Kxb7 18. Bc4 c6 19. Ba6+ Kc7 20. Kb1 g6 21.
Nb3 Ng4 22. Bxb6+ axb6 23. Nd5+ cxd5 24. Qd4 Qxe4 25. Rc3+ Bc6 26. Rxc6+ Kxc6
27. Qc3+ Kd7 28. Bb5+ Ke6 29. Re1 Ne5 30. Nd4+ Kf6 31. Rxe4 dxe4 32. Qe3 Kg7
33. Qxe4 Kh7 34. f4 Ng4 35. f5 Ne5 36. fxg6+ Nxg6 37. h4 h5 38. Qf5 Bg7 39. Nf3
Rhf8 40. Qxh5+ Bh6 41. Bd3 Rde8 42. Qf5 Kg7 43. h5 1-0

[Event "Cracovia 2008 op A"]
[Site "Krakow"]
[Date "2008.12.29"]
[Round "3.7"]
[White "Pedersen, Nicolai Vesterbaek"]
[Black "Tyukhanov, Alexey"]
[Result "1-0"]
[WhiteElo "2417"]
[BlackElo "2227"]
[PlyCount "181"]
[EventDate "2008.??.??"]

1. e4 c6 2. d4 d5 3. Nc3 dxe4 4. Nxe4 Nf6 5. Nxf6+ exf6 6. c3 Bd6 7. Bd3 O-O 8.
Qc2 h6 9. Ne2 Re8 10. Be3 Qc7 11. O-O-O Bg4 12. h3 Bxe2 13. Qxe2 Bf4 14. Qf3
Bxe3+ 15. fxe3 Nd7 16. g4 Re7 17. h4 Rae8 18. e4 c5 19. Kb1 cxd4 20. cxd4 Qd6
21. Bc2 g6 22. h5 g5 23. Rhe1 Kg7 24. Qd3 Qa6 25. Qf3 Nf8 26. Rf1 Qe6 27. Qg2
Qd6 28. Rf5 Re6 29. Qf3 R8e7 30. e5 fxe5 31. dxe5 Qc7 32. Rf1 Rxe5 33. Rxe5
Qxe5 34. a3 b6 35. Qd3 Qe2 36. Qd4+ Qe5 37. Qd3 Rd7 38. Qc4 Ne6 39. Bf5 Rd4 40.
Qc3 Rd5 41. Bxe6 fxe6 42. Qc2 Rd8 43. Qg6+ Kh8 44. Qxh6+ Kg8 45. Qg6+ Kh8 46.
Qf6+ Qxf6 47. Rxf6 Kh7 48. Rg6 Rd5 49. Kc2 Rc5+ 50. Kd3 Rb5 51. b4 a5 52. Rxe6
axb4 53. Kc4 Rc5+ 54. Kxb4 Rd5 55. Re4 Rc5 56. a4 Rd5 57. Re7+ Kh6 58. Re6+ Kh7
59. Re4 Kh6 60. Kc3 Rc5+ 61. Rc4 Ra5 62. Rb4 Kh7 63. Kb3 Re5 64. Kc3 Rc5+ 65.
Kd4 Ra5 66. Ke4 Kg7 67. Rd4 Kh6 68. Rd6+ Kh7 69. Rd4 Kh6 70. Rb4 Kh7 71. Kd4
Kg7 72. Kc3 Rc5+ 73. Kb3 Rc1 74. Rb5 Rb1+ 75. Kc2 Ra1 76. Rxg5+ Kh7 77. Kb3
Rb1+ 78. Ka2 Rb4 79. Ka3 Rb1 80. Rb5 Ra1+ 81. Kb3 Rb1+ 82. Kc2 Re1 83. Rb4 Re6
84. Kd3 Kh6 85. Kc4 Kg5 86. Kb5 Rd6 87. Ka6 Rd8 88. Kxb6 Rb8+ 89. Kc5 Ra8 90.
Kc6 Ra6+ 91. Kb7 1-0

[Event "Cracovia 2008 op A"]
[Site "Krakow"]
[Date "2008.12.29"]
[Round "3.8"]
[White "Paterek, Michal"]
[Black "Zude, Erik"]
[Result "1-0"]
[WhiteElo "2235"]
[BlackElo "2396"]
[PlyCount "139"]
[EventDate "2008.??.??"]

1. d4 d5 2. c4 dxc4 3. Nc3 Nf6 4. e4 e5 5. Nf3 exd4 6. Qxd4 Qxd4 7. Nxd4 Bc5 8.
Ndb5 Na6 9. Bf4 c6 10. Nd6+ Bxd6 11. Bxd6 Be6 12. e5 Nd7 13. Be2 O-O-O 14. O-O
Ndc5 15. Rad1 Rd7 16. Rd4 Nd3 17. Bxd3 cxd3 18. Rd1 b6 19. R4xd3 Rhd8 20. a3
Nc5 21. Rg3 f6 22. Rc1 Nb3 23. Re1 Nd4 24. f4 Nf5 25. Rd3 Bc4 26. Rh3 h6 27.
Ne4 Bd5 28. g4 Bxe4 29. gxf5 Bxf5 30. Rc3 Kb7 31. Rec1 Be4 32. h4 h5 33. Kf2
Re8 34. Re3 Bd5 35. b4 Rf7 36. Rg1 Kc8 37. Ke2 Be6 38. Rc3 Bg4+ 39. Ke3 Kb7 40.
Rgc1 Bd7 41. Rg1 Be6 42. Rg3 Rd7 43. Rc1 Bg4 44. Kd4 fxe5+ 45. fxe5 Rf7 46. Ke3
Re6 47. Rc4 Rd7 48. Kf4 Re8 49. Rgc3 Rf7+ 50. Kg3 Bd7 51. Rf4 Bf5 52. Rfc4 Re6
53. Rxc6 Rg6+ 54. Kh2 Bd7 55. Rc7+ Ka6 56. Rg3 Rxg3 57. Kxg3 Be6 58. Rxf7 Bxf7
59. Kf4 Kb5 60. Kf5 Ka4 61. e6 Be8 62. Bb8 Kxa3 63. Bxa7 Kxb4 64. Bxb6 Kc4 65.
Bc7 Ba4 66. Kg6 Kd5 67. Kf7 Ke4 68. Kxg7 Kf5 69. e7 Kg4 70. Bd8 1-0

[Event "Cracovia 2008 op A"]
[Site "Krakow"]
[Date "2008.12.29"]
[Round "3.9"]
[White "Panocki, Adrian"]
[Black "Wcislo, Damian"]
[Result "1/2-1/2"]
[WhiteElo "2381"]
[BlackElo "2219"]
[PlyCount "118"]
[EventDate "2008.??.??"]

1. e4 c5 2. Nf3 Nc6 3. d4 cxd4 4. Nxd4 Nf6 5. Nc3 d6 6. Bg5 e6 7. Qd2 a6 8.
O-O-O Bd7 9. f4 b5 10. Bxf6 gxf6 11. Kb1 Qb6 12. Nxc6 Bxc6 13. f5 b4 14. Ne2 e5
15. Ng3 Qc5 16. h4 Rg8 17. Nh5 Ke7 18. Bd3 a5 19. Rh3 a4 20. Rg3 Rxg3 21. Nxg3
a3 22. b3 Qd4 23. c3 bxc3 24. Qc2 Bh6 25. Ne2 Qf2 26. Nxc3 Qxc2+ 27. Kxc2 Be3
28. Bc4 Rg8 29. Kd3 Bd4 30. Ne2 Rxg2 31. Nxd4 exd4 32. Kxd4 Rxa2 33. h5 h6 34.
b4 Rb2 35. Kc3 Kd7 36. Bd3 Rh2 37. Ra1 a2 38. Kd4 Rd2 39. Kc3 Rh2 40. b5 Bb7
41. Kd4 Kc7 42. Bc4 Rxh5 43. Rxa2 Rh1 44. Rg2 Rd1+ 45. Bd3 d5 46. exd5 Bxd5 47.
Kxd5 Rxd3+ 48. Ke4 Rb3 49. Rg7 Kd6 50. Rxf7 Rb4+ 51. Kf3 Ke5 52. Rh7 Rxb5 53.
Rxh6 Rb3+ 54. Kg4 Rb1 55. Rh5 Ke4 56. Kg3 Rg1+ 57. Kf2 Rg4 58. Kf1 Rg3 59. Kf2
Ke5 1/2-1/2

[Event "Cracovia 2008 op A"]
[Site "Krakow"]
[Date "2008.12.29"]
[Round "3.10"]
[White "Smola, Michal"]
[Black "Nurkiewicz, Maciej"]
[Result "1/2-1/2"]
[WhiteElo "2204"]
[BlackElo "2380"]
[PlyCount "50"]
[EventDate "2008.??.??"]

1. e4 e5 2. Nf3 Nc6 3. Bc4 Nf6 4. d3 Be7 5. O-O O-O 6. c3 d6 7. Bb3 Na5 8. Bc2
c5 9. h3 Nc6 10. Nbd2 Re8 11. Re1 Qc7 12. Nf1 h6 13. Ne3 Be6 14. d4 cxd4 15.
cxd4 exd4 16. Nxd4 Nxd4 17. Qxd4 d5 18. exd5 Nxd5 19. Nxd5 Qxc2 20. Nxe7+ Rxe7
21. Qe4 Rc8 22. Qxc2 Rxc2 23. b4 Rd7 24. Be3 a6 25. a4 Kh7 1/2-1/2

[Event "Cracovia 2008 op A"]
[Site "Krakow"]
[Date "2008.12.29"]
[Round "3.11"]
[White "Hnydiuk, Aleksander"]
[Black "Obrusnik, Michal"]
[Result "1-0"]
[WhiteElo "2403"]
[BlackElo "2181"]
[PlyCount "85"]
[EventDate "2008.??.??"]

1. e4 c5 2. Nf3 Nc6 3. Bb5 Qb6 4. Nc3 e6 5. O-O a6 6. Bxc6 Qxc6 7. Re1 d6 8. d4
cxd4 9. Nxd4 Qc7 10. Qf3 Nf6 11. Qg3 Be7 12. Qxg7 Rg8 13. Qh6 b5 14. f3 Rg6 15.
Qe3 Bb7 16. a4 b4 17. Nce2 e5 18. Nf5 Bf8 19. Qd3 d5 20. exd5 Nxd5 21. Nf4
O-O-O 22. Nxg6 hxg6 23. Ng3 Bc5+ 24. Kh1 Rh8 25. Nf1 f5 26. Qc4 Nb6 27. Qe6+
Nd7 28. Be3 Bxe3 29. Rxe3 e4 30. fxe4 Bxe4 31. Rxe4 fxe4 32. Qxa6+ Kb8 33. Qb5+
Ka7 34. Qxb4 Ne5 35. Qxe4 Rf8 36. Re1 Ka6 37. Nd2 Rf5 38. Qa8+ Kb6 39. a5+ Kb5
40. Qd5+ Ka6 41. h3 Qxc2 42. Qa8+ Kb5 43. Qb7+ 1-0

[Event "Cracovia 2008 op A"]
[Site "Krakow"]
[Date "2008.12.29"]
[Round "3.12"]
[White "Soozankar, A.M."]
[Black "Shishkin, Vadim"]
[Result "0-1"]
[WhiteElo "2264"]
[BlackElo "2502"]
[PlyCount "58"]
[EventDate "2008.??.??"]

1. e4 c5 2. Nf3 Nc6 3. d4 cxd4 4. Nxd4 Nf6 5. Nc3 d6 6. Be3 Ng4 7. Bc4 Nxe3 8.
fxe3 Ne5 9. Bb3 e6 10. O-O Be7 11. Nf3 Ng6 12. Qd2 O-O 13. Ne2 b6 14. c3 Bb7
15. Bc2 Qc7 16. Nf4 Rad8 17. Nxg6 hxg6 18. Nd4 d5 19. exd5 Bxd5 20. Qf2 Qe5 21.
Kh1 g5 22. Bb3 Bb7 23. Nf3 Qf6 24. Qg3 Qh6 25. Qc7 Bxf3 26. Qxe7 g4 27. gxf3 g3
28. h4 Rd2 29. Rfe1 Qh5 0-1